Kỹ thuật nguội /
Gardado en:
| Autor Principal: | |
|---|---|
| Formato: | Libro |
| Idioma: | Vietnamese |
| Publicado: |
H. :
Công nhân kỹ thuật ,
1980
|
| Edición: | In lần thứ 1 |
| Những chủ đề: | |
| Các nhãn: |
Engadir etiqueta
Sen Etiquetas, Sexa o primeiro en etiquetar este rexistro!
|
| Thư viện lưu trữ: | Thư viện Trường CĐ Kỹ Thuật Cao Thắng |
|---|
| LEADER | 00630nam a2200205 a 4500 | ||
|---|---|---|---|
| 001 | TVCDKTCT992 | ||
| 003 | Thư viện trường Cao đẳng Kỹ thuật Cao Thắng | ||
| 005 | 20050805000000 | ||
| 008 | 050805 | ||
| 980 | \ | \ | |a Thư viện Trường CĐ Kỹ Thuật Cao Thắng |
| 024 | |a RG_1 #1 eb0 i1 | ||
| 041 | 0 | # | |a vie |
| 082 | # | # | |a 671.3 / |b Đ450L-k |
| 100 | 1 | # | |a Đỗ Bá Long |
| 245 | 0 | 0 | |a Kỹ thuật nguội / |c Đỗ Bá Long |
| 250 | # | # | |a In lần thứ 1 |
| 260 | # | # | |a H. : |b Công nhân kỹ thuật , |c 1980 |
| 300 | # | # | |a 204tr. ; |c 21cm |
| 650 | # | 4 | |a Kim loại |
| 650 | # | 4 | |a Khoan--ÉP--Dập |